000 00498nam a2200181Ia 4500
003 GCL
008 140319s9999 xx 000 0 ara d
040 _aGCL /
_cGCL
082 0 4 _a530
_bغ م
100 1 _aغودونوف، س
245 1 0 _aمعادلات الفيزياء الرياضية /
_cغودونوف، س
700 1 _aمحمد حازى (مترجم)
300 _a385 ص
490 _a
650 0 4 _aالفيزياء
650 0 4 _aالفيزياء الرياضية
942 _2ddc
_cBK
999 _c41797
_d41797